| Tag |
First Indicator |
Second Indicator |
Subfields |
| LEADER |
00000nmm a22000001a 4500 |
| 001 |
in00004617921 |
| 006 |
m|||||o||m|||||||| |
| 007 |
cr|cn |||uuuuu |
| 008 |
221118s2014 xxu||||eo|||| ||||||eng d |
| 005 |
20221207215500.3 |
| 035 |
|
|
|a (TxWaIVM)IV46751TiFe
|
| 040 |
|
|
|a TxWaIVM
|c TxWaIVM
|
| 245 |
0 |
0 |
|a Female Force: Carrie Fisher Español Ed /
|c powered by Library Pass.
|
| 260 |
3 |
|
|a [United States] :
|b TidalWave Productions,
|c 2014.
|
| 300 |
|
|
|a 1 online resource.
|
| 336 |
|
|
|a text
|b txt
|2 rdacontent
|
| 337 |
|
|
|a computer
|b c
|2 rdamedia
|
| 338 |
|
|
|a online resource
|b cr
|2 rdacarrier
|
| 520 |
|
|
|a Desde galaxias lejanas a historias ambientadas demasiado cerca de casa, Carrie Fisher ha hecho todo y visto todo. Desde su juventud como la hija de una famosa cantante y actriz de Hollywood, a su propio tiempo en el punto de mira la actuación, Carrie Fisher ha sido un gran ejemplo para las mujeres en todas partes. Ella ha hecho frente a la adversidad en todo momento. Ella ha sido un símbolo sexual, una diosa de la ciencia ficción, y todo lo demás, pero por encima de todo, ella ha sido una mujer fuerte que nunca se rindió. From galaxies far away to stories set all too close to home, Carrie Fisher has done it all and seen it all. From her youth as the daughter of a famous Hollywood singer and actress, to her own time in the acting spotlight, Carrie Fisher has been a strong role model for women everywhere. She has faced adversity at every turn and she has fought back each time. She's been a sex symbol, a sci-fi goddess, and everything in between, but above all else, she's been a strong female who never gave up.
|
| 521 |
|
|
|a 4
|
| 538 |
|
|
|a Requires a valid library card and registration for new users.
|
| 538 |
|
|
|a Mode of access: World Wide Web.
|
| 538 |
|
|
|a System requirements: Flash 10.1 or higher, Windows XP and higher, Internet Explorer 7 and higher, Firefox 3.6 and higher, Google Chrome; Max OS 10.5 and higher, Safari 4 and higher.
|
| 650 |
|
0 |
|a Humor
|
| 655 |
|
7 |
|a Electronic books.
|2 local
|
| 655 |
|
7 |
|a Humor
|2 gsafd
|
| 650 |
|
0 |
|a Biographical comic books, strips, etc.
|
| 655 |
|
7 |
|a Biographical comic books, strips, etc.
|2 gsafd
|
| 650 |
|
0 |
|a Comic books, strips, etc. --Education
|
| 655 |
|
7 |
|a Comic books, strips, etc. --Education
|2 gsafd
|
| 650 |
|
0 |
|a Comic books, strips, etc. --Women
|
| 655 |
|
7 |
|a Comic books, strips, etc. --Women
|2 gsafd
|
| 650 |
|
0 |
|a Movie & TV
|
| 655 |
|
7 |
|a Movie & TV
|2 gsafd
|
| 650 |
|
0 |
|a Comic books, strips, etc. --Creative nonfiction
|
| 655 |
|
7 |
|a Comic books, strips, etc. --Creative nonfiction
|2 gsafd
|
| 700 |
1 |
|
|a Cooke, CW.
|e writer.
|
| 700 |
1 |
|
|a Paule, Ryan.
|e artist.
|
| 710 |
2 |
|
|a Library Pass, LLC.
|
| 856 |
4 |
0 |
|u http://proxy.library.tamu.edu/login?url=https://tamu.librarypass.com/product/com.iversecomics.bluewater.productions.female.force.carrie.fisher.espaol.ed.spanish.neutral.05202014
|z Connect to this electronic book (First time users create your free account)
|t 0
|
| 955 |
|
|
|a Comics Plus.
|
| 999 |
f |
f |
|s 18121855-3b77-48f6-9e08-1e3b088ed0cc
|i cb4be904-e928-4a70-a94c-921fd0bb3ce2
|t 0
|
| 952 |
f |
f |
|a Texas A&M University
|b College Station
|c Electronic Resources
|d Available Online
|t 0
|h Library of Congress classification
|
| 998 |
f |
f |
|t 0
|l Available Online
|